00339nam a2200145Ia 4500008004100000020001400041041000800055082001600063100002200079245002400101250000600125260003800131300001400169650001000183210716s1995 xx 000 0 und d a782116698 aeng a005.44 TAUD aTauber, Daniel A. aComplete linux kit. a1 aNew DelhibBPB Publicationsc1995 axxiii,419 aLinux